Normal view
MARC view
- Data Science with Python
Entry Topical Term
001 - CONTROL NUMBER
- control field: 131199
003 - CONTROL NUMBER IDENTIFIER
- control field: NUST
005 - DATE AND TIME OF LATEST TRANSACTION
- control field: 20251015170722.0
008 - FIXED-LENGTH DATA ELEMENTS
- fixed length control field: 251015|| aca||aabn | a|a d
040 ## - CATALOGING SOURCE
- Original cataloging agency: NUST
- Transcribing agency: NUST
150 ## - HEADING--TOPICAL TERM
- Topical term or geographic name entry element: Data Science with Python
670 ## - SOURCE DATA FOUND
- Source citation: Work cat.: (NUST)590768: Varga, Ervin 131198, Practical Data Science with Python 3: , 2019
